[Event "GER-chT U10"]
[Site "Magdeburg"]
[Date "2014.12.29"]
[Round "7.4"]
[White "Ebert, Erik"]
[Black "Bakiyev, Diyar"]
[Result "0-1"]
[WhiteElo "762"]
[BlackElo "795"]
[PlyCount "53"]
[EventDate "2014.12.27"]
[EventType "team-swiss"]
[EventRounds "7"]
[EventCountry "GER"]
[SourceTitle "EXT 2016"]
[Source "ChessBase"]
[SourceDate "2015.10.08"]
[SourceVersion "1"]
[SourceVersionDate "2015.10.08"]
[SourceQuality "1"]
[WhiteTeam "Aue Nickelhuette"]
[BlackTeam "Bremen Ost"]
[WhiteTeamCountry "GER"]
[BlackTeamCountry "GER"]

1. Nc3 e5 2. d4 exd4 3. Qxd4 Nc6 4. Qd1 Bc5 5. e3 Nf6 6. Bc4 d6 7. Nf3 Bf5 8. Ng5 0-0 9. Bd3 Bxd3 10. Qxd3 Z0 11. Qxh7+ Nxh7 12. Nxh7 Kxh7 13. Bd2 Nb4 14. 0-0 Nxc2 15. Rac1 Nb4 16. Nb5 Nxa2 17. Ra1 Nb4 18. Ra4 a6 19. Na3 Nd3 20. Nc4 b5 21. Ra2 bxc4 22. Ra4 Nxb2 23. Ra2 Qf6 24. Bc1 Rab8 25. Re1 Nd3 26. Rd1 Rb1 27. Rad2 0-1